| 000 -ლიდერი |
| ფიქსირებული სიგრძის საკონტროლო ველი |
02091nam a2200277Ia 4500 |
| 001 - საკონტროლო ნომერი |
| საკონტროლო ველი |
21934 |
| 003 - საკონტროლო ნომრის იდენტიფიკატორი |
| საკონტროლო ველი |
GE_BSU |
| 005 - ბოლო ოპერაციის თარიღი და დრო |
| საკონტროლო ველი |
20220829130337.0 |
| 008 - ფიქსირებული სიგრძის მონაცემთა ელემენტები - ზოგადი ინფორმაცია |
| ფიქსირებული სიგრძის საკონტროლო ველი |
181216s2009||||ge |||||||||||||| ||geo|| |
| 020 ## - წიგნის საერთაშორისო სტანდარტული ნომერი |
| International Standard Book Number |
9789941409622 |
| 040 ## - კატალოგიზაციის წყარო |
| Transcribing agency |
GE_BSU |
| 041 ## - ენის კოდი |
| Language code of text/sound track or separate title |
geo |
| 080 ## - უნივერსალური ათობითი კლასიფიკაციის ინდექსი |
| Universal Decimal Classification number |
821.353.1-4 მ 44 |
| 100 ## - მთავარი ჩანაწერი - პიროვნების სახელი |
| Personal name |
მახაჭაძე, შორენა |
| 9 (RLIN) |
3197 |
| 245 ## - ცნობა სათაურის შესახებ |
| Title |
და სიტყვა იყო ღმერთი... წ. 1 : |
| Remainder of title |
აჭარაში მოღვაწე მწერლებისადმი მიძღვნ. წერილებისა და ესეების კრებული / |
| Statement of responsibility, etc |
შორენა მახაჭაძე ; რედ. ლელა ოჩიაური. |
| 264 ## - წარმოების, გამოცემის, დისტრიბუციის და სხვა ცნობები |
| გამოცემის, წარმოების, დისტრიბუციის... ადგილი |
ბათუმი : |
| გამოცემის, წარმოების, დისტრიბუციის... სახელწოდება |
შოთა რუსთაველის სახელმწ. უნ-ტის გამ-ბა, |
| გამოცემის, წარმოების, დისტრიბუციის... თარიღი |
2009. |
| 300 ## - ფიზიკური აღწერა |
| Extent |
270 გვ. ; |
| Dimensions |
19 სმ. |
| 500 ## - ზოგადი შენიშვნა |
| General note |
ფიქრები ზურაბ გორგილაძის პოეზიაზე -- ფრიდონ ხალვაშის "ომრი" -- წვიმა, ზღვა და სიყვარული ნანა გვარიშვილის ლირიკაში -- ლადო სეიდიშვილის მედიტაციური ლირიკა -- დავით თედორაძის "ვედრება" ქვეყნის გადარჩენისა -- ვახტანგ ღლონტის სევდა და სიყვარული -- სანდრო ბერიძის მწუხარე-ირონიული პოეზია. და სხვ. |
| 500 ## - ზოგადი შენიშვნა |
| General note |
პირთა საძ. გვ. : 266-269 |
| 504 ## - BIBLIOGRAPHY, ETC. NOTE |
| Bibliography, etc |
ბიბლიოგრაფია გვ. : 259-265 |
| 653 ## - INDEX TERM--UNCONTROLLED |
| Uncontrolled term |
და სიტყვა იყო ღმერთი... წ. 1 |
| 653 ## - INDEX TERM--UNCONTROLLED |
| Uncontrolled term |
ქართული ლიტერატურა |
| 700 ## - ADDED ENTRY--PERSONAL NAME |
| Personal name |
ოჩიაური, ლელა |
| Relator term |
რედაქტორი |
| 9 (RLIN) |
14557 |
| 942 ## - ADDED ENTRY ELEMENTS (KOHA) |
| Koha item type |
წიგნი |
| Source of classification or shelving scheme |
|